Systémy a metódy stanovenia miery rizika krajiny
Hodnotenie nástrojov štrukturálnej politiky. Posudzovanie obchodného rizika vo väzbe na zadlženosť krajiny. Štruktúra štátnej zadlženosti.
Enregistré dans:
| Auteur principal: | |
|---|---|
| Format: | Chapitre de livre |
| Langue: | slovaque |
| Sujets: | |
| Tags: |
Pas de tags, Soyez le premier à ajouter un tag!
|
MARC
| LEADER | 00000naa a2200000 4500 | ||
|---|---|---|---|
| 001 | r034270 | ||
| 005 | 20230824100316.8 | ||
| 041 | 0 | |a slo | |
| 044 | |a SK | ||
| 245 | 1 | 0 | |a Systémy a metódy stanovenia miery rizika krajiny |c Ján Artur Oberhauser |
| 520 | |a Hodnotenie nástrojov štrukturálnej politiky. Posudzovanie obchodného rizika vo väzbe na zadlženosť krajiny. Štruktúra štátnej zadlženosti. | ||
| 610 | 2 | 0 | |a rating |
| 610 | 2 | 0 | |a riziko |
| 610 | 2 | 0 | |a politika štruktúrna |
| 610 | 2 | 0 | |a zadlženosť |
| 610 | 2 | 0 | |a dlhy štátne |
| 100 | 1 | |a Oberhauser, Ján Artur | |